| 000 | 00822nam a2200277 i 4500 | ||
|---|---|---|---|
| 001 | 9870 | ||
| 003 | ES-MaACL | ||
| 005 | 20250825080509.0 | ||
| 007 | t| | ||
| 008 | 940322s1993 sp ||||1| spa d | ||
| 020 | _a84-344-7451-4 | ||
| 080 | _a070.41 | ||
| 080 | _a46.01 | ||
| 080 | _a46.31 | ||
| 110 | 2 |
_aDiario ABC. _91137 |
|
| 245 | 1 | 0 |
_aLibro de estilo de "ABC" / _cprólogo de Fernando Lázaro Carreter ; epílogo de Luis María Ansón. |
| 250 | _a[1ª ed.]. | ||
| 260 |
_aBarcelona : _bAriel, _c1993. |
||
| 300 |
_a235 p. ; _c23 cm. |
||
| 500 | _aIndice. | ||
| 650 | 1 | 4 |
_aPeriodismo- _vManuales de estilo _915951 |
| 700 | 1 |
_aLázaro Carreter, Fernando, _d1923-2004 _970798 |
|
| 700 | 0 |
_aAnsón, Luis María, _d1935- _921849 |
|
| 852 |
_aES-MaACL _jL-17363 _bR.122504 |
||
| 999 |
_c9870 _d9870 |
||